[Event "Berliner Einzelmeisterschaft 2022"]
[Site "Berlin"]
[Date "2022.04.23"]
[Round "9.1"]
[White "Lagunow, Raphael"]
[Black "Glek, Igor"]
[Result "0-1"]
[WhiteElo "2385"]
[BlackElo "2476"]
[Annotator "TheRocket"]
[PlyCount "88"]
[EventDate "2022.??.??"]
[EventCountry "GER"]
[SourceTitle "SV Mattnetz Berlin e.V."]
[SourceDate "2022.04.23"]
[SourceVersion "1"]
[SourceVersionDate "2022.04.23"]
[SourceQuality "1"]

{[%evp 0,33,25,16,41,35,28,16,7,0,7,11,4,-3,1,-10,-30,-72,-41,-21,-26,-29,-22,
-13,-4,-45,-46,-45,-29,-12,-16,-23,-22,-36,-52,-52]} 1. e4 {[%emt 0:11:16]} e6
{[%emt 0:00:06]} 2. d4 {[%emt 0:00:09]} d5 {[%emt 0:00:02]} 3. e5 {[%emt 0:00:
07]} c5 {[%emt 0:00:08]} 4. c3 {[%emt 0:00:12]} Nc6 {[%emt 0:00:05]} 5. Nf3 {
[%emt 0:00:06]} Qb6 {[%emt 0:04:19]} 6. Bd3 {[%emt 0:00:49]} cxd4 {[%emt 0:00:
10]} 7. O-O {[%emt 0:01:17] is more profitable than 7.cxd4 at the moment.} Bd7
{[%emt 0:00:29]} 8. Re1 {[%emt 0:00:40]} a6 {[%emt 0:04:33]} 9. Nbd2 {[%emt 0:
17:17]} dxc3 {[%emt 0:01:15]} 10. bxc3 {[%emt 0:00:06]} Bc5 {[%emt 0:01:26]}
11. Qe2 {[%emt 0:00:47]} Na5 {[%emt 0:03:47] [#]} 12. Nd4 $146 {[%emt 0:16:12]}
(12. c4 $11 {feels stronger.}) ({Predecessor:} 12. Rb1 Qc7 13. c4 dxc4 14. Bc2
Bc6 15. Ne4 Bxe4 16. Qxe4 Ne7 17. Bd2 Nec6 18. Bxa5 Nxa5 {0-1 (65) Berg,E 
(2543)-Meier,G (2641) Vaxjo 2015}) 12... Ne7 {[%emt 0:04:05]} 13. Rb1 {[%emt 0:
05:20]} Qc7 {[%emt 0:00:40]} 14. N2b3 {[%emt 0:08:11]} (14. Qg4 $5 {[%cal
Rg4g7]}) 14... Nxb3 {[%emt 0:01:29]} 15. Nxb3 {[%emt 0:00:07]} b6 {[%emt 0:02:
52]} 16. Bxa6 {[%emt 0:06:00]} O-O {[%emt 0:03:10]} 17. Bd3 {[%emt 0:00:19]} f6
{[%emt 0:04:12]} (17... Rfc8 $15) 18. Nxc5 {[%emt 0:08:40]} bxc5 {[%emt 0:00:
08]} 19. exf6 {[%emt 0:00:11]} ({Don't play} 19. Qh5 f5 20. c4 (20. Bg5 Ng6 $17
) 20... d4 $17) 19... Rxf6 {[%emt 0:00:46]} 20. Bg5 {[%emt 0:00:14]} Rf7 $1 {
[%emt 0:00:07]} 21. Bb5 {[%emt 0:07:02]} h6 {[%emt 0:03:55]} 22. Bxd7 {[%emt 0:
01:24]} Qxd7 {[%emt 0:00:06]} 23. Bxe7 $11 {[%emt 0:04:05]} Rxe7 {[%emt 0:00:
09]} 24. Rb6 {[%emt 0:07:37]} e5 {[%emt 0:02:55]} 25. Qb5 {[%emt 0:02:31]} c4 {
[%emt 0:04:20]} 26. Qxd7 {[%emt 0:02:01]} Rxd7 {[%emt 0:00:01]} 27. Rxe5 {
[%emt 0:00:09]} Rxa2 {[%emt 0:01:32]} 28. g3 {[%emt 0:00:51]} Rc2 {[%emt 0:01:
37]} 29. Re3 {[%emt 0:00:38]} Rf7 {[%emt 0:00:08]} 30. f4 {[%emt 0:00:38]} Ra7
{[%emt 0:00:12]} 31. Rb1 {[%emt 0:00:29]} Raa2 {[%emt 0:01:14]} 32. h3 {
[%emt 0:00:31]} Rg2+ {[%emt 0:00:25]} 33. Kf1 {[%emt 0:00:12]} Rh2 {[%emt 0:00:
06]} 34. Kg1 {[%emt 0:00:05]} Rag2+ {[%emt 0:09:31]} 35. Kf1 {[%emt 0:00:00]}
Rd2 {[%emt 0:00:08]} 36. Kg1 {[%emt 0:00:23]} Rxh3 {[%emt 0:00:15]} 37. Rb7 {
[%emt 0:01:25]} Rhh2 {[%emt 0:07:57]} 38. Rd7 {[%emt 0:00:11]} Rdg2+ {[%emt 0:
00:38]} 39. Kf1 {[%emt 0:00:05]} Rc2 {[%emt 0:00:23]} 40. Kg1 {[%emt 0:01:11]}
Rhd2 {[%emt 0:00:15]} 41. Kf1 {[%emt 0:08:57]} Rc1+ {[%emt 0:10:12]} 42. Re1 {
[%emt 0:00:09]} Rxc3 {[%emt 0:00:03]} 43. Re8+ {[%emt 0:00:23]} Kh7 {[%emt 0:
00:07]} 44. Ke1 {[%emt 0:00:23]} Rh2 {[%emt 0:01:13]} 0-1

[Event "Berliner Einzelmeisterschaft 2022"]
[Site "Berlin"]
[Date "2022.04.23"]
[Round "9.2"]
[White "Mirzoev, Emil"]
[Black "Nogly, Christoph"]
[Result "1-0"]
[WhiteElo "2460"]
[BlackElo "2245"]
[Annotator "TheRocket"]
[PlyCount "47"]
[EventDate "2022.??.??"]
[EventCountry "GER"]
[SourceTitle "SV Mattnetz Berlin e.V."]
[SourceDate "2022.04.23"]
[SourceVersion "1"]
[SourceVersionDate "2022.04.23"]
[SourceQuality "1"]

{[%evp 0,40,23,25,29,29,22,7,72,61,42,26,44,5,16,8,11,-1,-10,-4,19,35,47,41,50,
34,60,77,141,144,139,174,187,146,112,97,171,180,180,172,155,175,154]} 1. d4 {
[%emt 0:00:19]} d5 {[%emt 0:00:04]} 2. Nf3 {[%emt 0:00:18]} e6 {[%emt 0:03:20]}
3. g3 {[%emt 0:01:15]} b5 {[%emt 0:05:08]} 4. Bg2 {[%emt 0:01:18]} Nf6 {
[%emt 0:00:05]} 5. O-O {[%emt 0:00:07]} Be7 {[%emt 0:03:26]} 6. a4 {[%emt 0:00:
24]} b4 {[%emt 0:00:12]} 7. c4 {[%emt 0:00:05]} Bb7 {[%emt 0:04:09]} (7... bxc3
$5 8. Nxc3 Nbd7 $14) 8. Ne5 {[%emt 0:02:24]} O-O {[%emt 0:01:05]} 9. Nd2 {
[%emt 0:07:51]} c5 {[%emt 0:15:45]} 10. dxc5 {[%emt 0:12:33]} Qc7 {[%emt 0:03:
27]} 11. Nd3 {[%emt 0:04:31]} Na6 {[%emt 0:04:10]} (11... dxc4 $14 12. Bxb7 (
12. Nxc4 Bxg2 13. Kxg2 Nbd7 $14) 12... Qxb7 13. Nxc4 Qd5) 12. cxd5 {[%emt 0:02:
24]} Nxd5 {[%emt 0:07:00] [#]} ({Better is} 12... Nxc5 13. Nxc5 Bxc5) 13. Nb3
$1 {[%emt 0:10:24]} Nxc5 {[%emt 0:09:03]} (13... Rfc8 $16 {keeps fighting.})
14. Nbxc5 {[%emt 0:03:24]} Bxc5 {[%emt 0:00:06] [#]} 15. e4 $1 {[%emt 0:00:49]}
Nb6 {[%emt 0:06:23]} 16. Bf4 {[%emt 0:04:14]} Bd6 {[%emt 0:00:25]} 17. a5 {
[%emt 0:01:56]} Nc8 $18 {[%emt 0:12:11] [#]} 18. a6 $1 {[%emt 0:00:27]} Bc6 {
[%emt 0:00:03]} 19. e5 {[%emt 0:07:21]} Bxg2 {[%emt 0:00:12]} 20. exd6 {
[%emt 0:01:32]} Qc6 {[%emt 0:00:01]} 21. Rc1 {[%emt 0:02:23]} Qxa6 {[%emt 0:11:
26]} 22. Kxg2 {[%emt 0:01:15]} Nxd6 {[%emt 0:00:08]} 23. Nc5 {[%emt 0:02:48]}
Qc6+ {[%emt 0:00:32]} 24. Kg1 {[%emt 0:00:45]} 1-0

[Event "Berliner Einzelmeisterschaft 2022"]
[Site "Berlin"]
[Date "2022.04.23"]
[Round "9.3"]
[White "Florstedt, Johannes"]
[Black "Ermitsch, Magnus"]
[Result "1-0"]
[WhiteElo "2316"]
[BlackElo "2127"]
[Annotator "TheRocket"]
[PlyCount "161"]
[EventDate "2022.??.??"]
[EventCountry "GER"]
[SourceTitle "SV Mattnetz Berlin e.V."]
[SourceDate "2022.04.23"]
[SourceVersion "1"]
[SourceVersionDate "2022.04.23"]
[SourceQuality "1"]

{[%evp 0,33,29,10,41,73,67,31,38,33,29,30,30,0,19,-1,34,20,25,30,36,32,45,12,
29,2,35,-38,-5,-71,-7,-16,-9,-94,-97,-90]} 1. e4 {[%emt 0:12:52]} c5 {[%emt 0:
00:15]} 2. Nf3 {[%emt 0:00:12]} Nc6 {[%emt 0:00:21]} 3. Bb5 {[%emt 0:00:24]} e6
{[%emt 0:00:32]} 4. Bxc6 {[%emt 0:01:20]} bxc6 {[%emt 0:00:24]} 5. d3 {[%emt 0:
00:11]} d5 {[%emt 0:00:50]} 6. b3 {[%emt 0:01:12]} Be7 {[%emt 0:11:41]} 7. Bb2
{[%emt 0:04:44]} f6 {[%emt 0:02:28]} (7... Nf6 $11 {was preferrable.}) 8. e5 {
[%emt 0:14:42]} f5 {[%emt 0:01:34]} (8... Qa5+ $14 {should be considered.} 9.
Qd2 Qxd2+ 10. Nbxd2 Nh6) 9. Nc3 $14 {[%emt 0:03:51]} Ba6 {[%emt 0:16:18]} 10.
Qd2 {[%emt 0:16:02]} Nh6 {[%emt 0:02:48]} 11. O-O-O {[%emt 0:04:44]} Nf7 {
[%emt 0:03:48]} 12. Kb1 {[%emt 0:02:10]} Rb8 {[%emt 0:03:21]} 13. Rhg1 {
[%emt 0:01:06]} g5 {[%emt 0:05:48]} 14. h3 {[%emt 0:02:46]} d4 {[%emt 0:10:58]}
15. Ne2 {[%emt 0:00:05]} h5 {[%emt 0:01:07]} 16. g4 {[%emt 0:00:28]} hxg4 {
[%emt 0:02:28]} 17. hxg4 {[%emt 0:00:05]} Qd5 {[%emt 0:01:11]} 18. Ne1 {
[%emt 0:03:06]} f4 {[%emt 0:01:52]} 19. c4 {[%emt 0:00:16]} Qd8 {[%emt 0:04:36]
} 20. Nf3 {[%emt 0:00:52]} Qc7 {[%emt 0:00:43]} 21. Rh1 {[%emt 0:03:21]} Kd7 {
[%emt 0:00:32]} 22. Qe1 {[%emt 0:07:13]} Rxh1 {[%emt 0:04:54]} 23. Qxh1 {
[%emt 0:00:02]} Nxe5 {[%emt 0:00:31]} 24. Neg1 {[%emt 0:02:06]} Nxg4 {[%emt 0:
03:17]} 25. Re1 {[%emt 0:00:43]} Qd6 {[%emt 0:04:34]} 26. Re2 {[%emt 0:02:03]}
Rg8 {[%emt 0:02:33]} 27. Qg2 {[%emt 0:08:15]} Nh6 {[%emt 0:03:58]} 28. Ne5+ {
[%emt 0:00:22]} Kc7 {[%emt 0:00:13]} 29. Qh3 {[%emt 0:03:50]} Nf5 {[%emt 0:01:
06]} 30. Ngf3 {[%emt 0:01:06]} Rg7 {[%emt 0:01:38]} 31. Ng4 {[%emt 0:00:27]}
Bc8 {[%emt 0:01:06]} 32. Ba3 {[%emt 0:01:20]} Qd8 {[%emt 0:02:49]} 33. Nfe5 {
[%emt 0:00:04]} Qg8 {[%emt 0:00:45]} 34. Qf3 {[%emt 0:01:25]} Bb7 {[%emt 0:00:
23]} 35. Rb2 {[%emt 0:01:15]} Qf8 {[%emt 0:01:51]} 36. Qe4 {[%emt 0:00:17]} Nd6
{[%emt 0:01:45]} 37. Qe1 {[%emt 0:00:04]} Nc8 {[%emt 0:00:09]} 38. Qa5+ {
[%emt 0:01:00]} Nb6 {[%emt 0:00:10]} 39. Re2 {[%emt 0:01:36]} Bd6 {[%emt 0:01:
40]} 40. Re4 {[%emt 0:01:52]} Kb8 {[%emt 0:02:36]} 41. f3 {[%emt 0:09:30]} Qe7
{[%emt 0:16:59]} 42. Qe1 {[%emt 0:02:38]} Na8 {[%emt 0:02:52]} 43. Re2 {
[%emt 0:02:14]} Nc7 {[%emt 0:02:05]} 44. Nf2 {[%emt 0:01:10]} Qf8 {[%emt 0:03:
06]} 45. Neg4 {[%emt 0:00:41]} Qf5 {[%emt 0:01:52]} 46. Ne4 {[%emt 0:00:19]}
Be7 {[%emt 0:00:34]} 47. Rh2 {[%emt 0:02:02]} Rh7 {[%emt 0:01:31]} 48. Rxh7 {
[%emt 0:03:53]} Qxh7 {[%emt 0:00:01]} 49. Bxc5 {[%emt 0:00:08]} Bxc5 {[%emt 0:
02:10]} 50. Nxc5 {[%emt 0:00:02]} Na6 {[%emt 0:00:59]} 51. Qe5+ {[%emt 0:02:06]
} Qc7 {[%emt 0:01:07]} 52. Nxe6 {[%emt 0:03:02]} Qxe5 {[%emt 0:00:05]} 53. Nxe5
{[%emt 0:00:05]} c5 {[%emt 0:01:38]} 54. Nxg5 {[%emt 0:00:09]} Kc7 {[%emt 0:00:
17]} 55. a3 {[%emt 0:01:05]} Kd6 {[%emt 0:00:19]} 56. Ng6 {[%emt 0:00:05]} Nb8
{[%emt 0:00:17]} 57. Nxf4 {[%emt 0:01:36]} Nd7 {[%emt 0:00:24]} 58. Ne4+ {
[%emt 0:02:13]} Kc6 {[%emt 0:01:35]} 59. Ng6 {[%emt 0:01:11]} a5 {[%emt 0:00:
08]} 60. Kc2 {[%emt 0:00:12]} Kb6 {[%emt 0:00:10]} 61. Kc1 {[%emt 0:02:26]} Ba8
{[%emt 0:00:24]} 62. Kd2 {[%emt 0:00:44]} Bb7 {[%emt 0:00:31]} 63. f4 {[%emt 0:
00:24]} Bxe4 {[%emt 0:00:24]} 64. dxe4 {[%emt 0:00:05]} Nf6 {[%emt 0:00:04]}
65. e5 {[%emt 0:00:26]} Ne4+ {[%emt 0:01:15]} 66. Kd3 {[%emt 0:00:06]} Ng3 {
[%emt 0:00:11]} 67. Ne7 {[%emt 0:02:12]} Kc7 {[%emt 0:00:25]} 68. Nd5+ {
[%emt 0:00:58]} Kd7 {[%emt 0:00:12]} 69. b4 {[%emt 0:00:07]} cxb4 {[%emt 0:00:
07]} 70. axb4 {[%emt 0:00:06]} a4 {[%emt 0:00:03]} 71. Nb6+ {[%emt 0:00:22]}
Ke6 {[%emt 0:00:06]} 72. Nxa4 {[%emt 0:00:08]} Kf5 {[%emt 0:00:02]} 73. b5 {
[%emt 0:00:22]} Ke6 {[%emt 0:00:03]} 74. Nc5+ {[%emt 0:00:17]} Ke7 {[%emt 0:00:
05]} 75. Kxd4 {[%emt 0:00:06]} Ne2+ {[%emt 0:00:06]} 76. Ke3 {[%emt 0:00:11]}
Nc3 {[%emt 0:00:07]} 77. f5 {[%emt 0:00:26]} Kd8 {[%emt 0:00:05]} 78. f6 {
[%emt 0:00:12]} Na2 {[%emt 0:00:04]} 79. e6 {[%emt 0:00:18]} Nb4 {[%emt 0:00:
05]} 80. e7+ {[%emt 0:00:23]} Ke8 {[%emt 0:00:09]} 81. Ne4 {[%emt 0:00:05]} 1-0

[Event "Berliner Einzelmeisterschaft 2022"]
[Site "Berlin"]
[Date "2022.04.23"]
[Round "9.4"]
[White "Acikel, Mert"]
[Black "Stern, Rene"]
[Result "0-1"]
[WhiteElo "2177"]
[BlackElo "2510"]
[Annotator "TheRocket"]
[PlyCount "110"]
[EventDate "2022.??.??"]
[EventCountry "GER"]
[SourceTitle "SV Mattnetz Berlin e.V."]
[SourceDate "2022.04.23"]
[SourceVersion "1"]
[SourceVersionDate "2022.04.23"]
[SourceQuality "1"]

{[%evp 0,49,29,20,21,20,10,3,13,5,12,-1,20,22,37,-3,-16,-17,3,-16,12,0,1,7,6,
18,21,21,23,23,15,17,17,26,26,15,80,-1,-50,5,68,-64,-35,-37,-54,-49,-49,-17,
-54,-56,-64,-87]} 1. e4 {[%emt 0:00:02]} e5 {[%emt 0:04:52]} 2. Nf3 {[%emt 0:
00:17]} Nc6 {[%emt 0:00:06]} 3. Bc4 {[%emt 0:00:09]} Nf6 {[%emt 0:00:09]} 4. d3
{[%emt 0:00:06]} Bc5 {[%emt 0:00:09]} 5. c3 {[%emt 0:00:10]} a5 {[%emt 0:00:19]
} 6. O-O {[%emt 0:00:21]} d6 {[%emt 0:00:20]} ({Resist} 6... d5 7. exd5 Nxd5 8.
d4 exd4 9. cxd4 $14) 7. Re1 {[%emt 0:00:50]} O-O {[%emt 0:00:54]} 8. h3 {
[%emt 0:00:07]} h6 {[%emt 0:00:35]} 9. Bb5 {[%emt 0:00:12]} Ba7 {[%emt 0:11:46]
} 10. Nbd2 {[%emt 0:00:33]} Ne7 {[%emt 0:26:14]} 11. d4 {[%emt 0:00:15]} c6 {
[%emt 0:00:31]} 12. Bd3 {[%emt 0:00:50]} Ng6 {[%emt 0:50:35]} 13. Nf1 {[%emt 0:
02:37]} Nh5 {[%emt 0:00:00]} 14. Be3 {[%emt 0:33:27]} Nhf4 {[%emt 0:00:00]} 15.
Bc2 {[%emt 0:00:56]} Qf6 {[%emt 0:00:00]} 16. Ng3 {[%emt 0:00:59]} c5 {[%emt 0:
00:00]} 17. Nf5 {[%emt 0:06:29]} Rd8 {[%emt 0:00:00]} 18. Nh2 {[%emt 0:14:00]}
(18. d5 $1 $14) 18... cxd4 {[%emt 0:00:00]} 19. cxd4 {[%emt 0:02:22]} ({
Much weaker is} 19. Ng4 Qg5 20. Bxf4 (20. cxd4 h5 $19) 20... exf4 21. cxd4 d5
$17) 19... exd4 {[%emt 0:00:00] [#]} (19... d5 $11 20. dxe5 (20. Ng4 Qg5 $17)
20... Qg5) 20. Bxd4 $2 {[%emt 0:02:34]} (20. Ng4 $1 $16 Qg5 21. Bxf4 (21. Nxd4
$2 Bxd4 22. Qxd4 Bxg4 $19) 21... Qxf4 22. g3) 20... Bxd4 {[%emt 0:00:00]} ({
Better is} 20... Qg5 $1 $15 21. Qg4 Bxd4 22. Qxg5 Bxf2+ 23. Kxf2 hxg5) 21. Qxd4
{[%emt 0:00:56]} Ne5 {[%emt 0:00:00]} 22. Qe3 {[%emt 0:05:07]} Qg5 $1 {[%emt 0:
00:00]} 23. g3 {[%emt 0:08:28]} (23. g4 $11 Bxf5 24. exf5) 23... Bxf5 {[%emt 0:
00:00]} 24. exf5 {[%emt 0:00:41] [#]} Rac8 $1 {[%emt 0:00:00]} 25. Be4 {
[%emt 0:06:14]} Nxh3+ {[%emt 0:00:00]} 26. Kg2 {[%emt 0:00:08] [#]} Qxe3 $1 {
[%emt 0:00:00]} 27. Rxe3 {[%emt 0:00:11]} Ng5 {[%emt 0:00:00]} 28. Bxb7 {
[%emt 0:08:40]} Rb8 $1 {[%emt 0:00:00]} 29. Rb3 {[%emt 0:02:29]} a4 {[%emt 0:
00:00]} 30. Rb5 {[%emt 0:00:08] [#]} Rd7 $1 {[%emt 0:00:00]} 31. Ba6 {[%emt 0:
00:10] [#]} Rxb5 $1 {[%emt 0:00:00]} 32. Bxb5 {[%emt 0:00:06]} Rb7 {[%emt 0:00:
00]} 33. Bxa4 {[%emt 0:01:17]} Rxb2 {[%emt 0:00:00]} 34. Bd1 $2 {[%emt 0:03:37]
[#]} (34. Bb3 $17 {was worth a try.}) 34... Ne4 $2 {[%emt 0:02:09]} (34... Nd3
$1 $19 {[%cal Rd3f2] is more deadly.} 35. Ng4 h5) 35. Ng4 {[%emt 0:01:04]} Nxg4
{[%emt 0:02:33]} 36. Bxg4 {[%emt 0:00:05]} h5 {[%emt 0:03:05]} (36... Nxf2 $15
{should be considered.} 37. Kf3 Nd3) 37. Bxh5 {[%emt 0:01:21]} (37. Bh3 $1 $11)
37... Rxf2+ {[%emt 0:00:05]} 38. Kh3 {[%emt 0:00:57]} Rxf5 {[%emt 0:00:07]} 39.
Be2 {[%emt 0:00:13]} Ra5 {[%emt 0:01:19]} 40. Bf3 {[%emt 0:00:51]} Ng5+ {
[%emt 0:03:01]} 41. Kg4 {[%emt 0:01:52]} Kh7 {[%emt 0:11:39]} 42. Rd1 {[%emt 0:
05:52]} Kh6 {[%emt 0:01:21]} (42... Nxf3 $15 43. Kxf3 d5) 43. Rxd6+ {[%emt 0:
02:25]} g6 {[%emt 0:02:24]} 44. Bc6 {[%emt 0:00:54]} Rxa2 {[%emt 0:02:56]} 45.
Rd1 {[%emt 0:06:48]} f6 {[%emt 0:05:05]} 46. Kf4 {[%emt 0:01:00] [#]} (46. Rh1+
$142 Kg7 47. Rf1) 46... Ra3 $1 {[%emt 0:00:31]} 47. Rd6 {[%emt 0:02:54] [#]} f5
$17 {[%emt 0:05:51]} (47... Nh3+ $1 $19 {is more deadly.} 48. Kg4 Nf2+ 49. Kf4
Nd3+ 50. Ke4 Nf2+ 51. Kf4 Nd3+ 52. Ke4 Nf2+ 53. Kf4) 48. Bg2 {[%emt 0:04:26]}
Ra2 {[%emt 0:00:19]} 49. Bb7 {[%emt 0:00:47]} Rb2 {[%emt 0:01:50]} 50. Ba8 {
[%emt 0:01:43]} Nh3+ {[%emt 0:01:12]} 51. Kf3 {[%emt 0:00:47]} Kg5 {[%emt 0:00:
10]} 52. Bd5 {[%emt 0:02:10]} Ng1+ {[%emt 0:02:06]} 53. Ke3 {[%emt 0:00:05]}
Re2+ {[%emt 0:00:04]} 54. Kd3 {[%emt 0:00:53]} Re7 {[%emt 0:00:06]} 55. Bg2 {
[%emt 0:00:54]} Ne2 {[%emt 0:00:19]} 0-1

[Event "Berliner Einzelmeisterschaft 2022"]
[Site "Berlin"]
[Date "2022.04.23"]
[Round "9.5"]
[White "Gebigke, Martin"]
[Black "Rietze, Clemens"]
[Result "1/2-1/2"]
[WhiteElo "2081"]
[BlackElo "2279"]
[Annotator "TheRocket"]
[PlyCount "91"]
[EventDate "2022.??.??"]
[EventCountry "GER"]
[SourceTitle "SV Mattnetz Berlin e.V."]
[SourceDate "2022.04.23"]
[SourceVersion "1"]
[SourceVersionDate "2022.04.23"]
[SourceQuality "1"]

{[%evp 0,57,29,29,29,-14,-15,0,10,17,28,2,7,10,16,10,9,-5,31,30,33,33,35,34,34,
31,30,37,29,18,20,16,16,23,54,22,22,18,35,15,14,12,19,-9,-25,-14,-57,-18,-19,
-17,-19,-9,-13,-102,-12,-7,-22,-28,-28,-21]} 1. d4 {[%emt 0:00:03]} Nf6 {
[%emt 0:00:07]} 2. c4 {[%emt 0:00:23]} e6 {[%emt 0:00:05]} 3. Nf3 {[%emt 0:01:
28]} d5 {[%emt 0:00:10]} 4. Nc3 {[%emt 0:00:51]} Bb4 {[%emt 0:00:12]} 5. cxd5 {
[%emt 0:01:15]} exd5 {[%emt 0:00:11]} 6. Bg5 {[%emt 0:00:21]} Qd6 {[%emt 0:00:
26]} 7. Nd2 {[%emt 0:12:22]} c6 {[%emt 0:12:24]} 8. Qc2 {[%emt 0:06:53]} Bg4 {
[%emt 0:07:08]} 9. e3 {[%emt 0:05:22]} O-O {[%emt 0:02:19]} 10. Bd3 {[%emt 0:
03:53]} Nbd7 {[%emt 0:01:58]} 11. O-O {[%emt 0:02:35]} Bh5 $14 {[%emt 0:11:43]}
12. a3 {[%emt 0:12:01]} Bxc3 {[%emt 0:08:09]} 13. Qxc3 {[%emt 0:03:46]} Bg6 {
[%emt 0:01:55]} 14. Bxg6 {[%emt 0:02:44]} hxg6 {[%emt 0:00:06]} 15. Bf4 {
[%emt 0:02:49]} Qe6 {[%emt 0:01:51]} 16. h3 {[%emt 0:00:34]} Ne4 {[%emt 0:05:
03]} 17. Qc2 {[%emt 0:10:32]} Rfe8 {[%emt 0:03:37]} 18. Rae1 {[%emt 0:09:39]}
Qf6 {[%emt 0:06:59]} 19. Nf3 {[%emt 0:04:21]} g5 {[%emt 0:01:04]} 20. Bh2 {
[%emt 0:01:01]} Qe6 {[%emt 0:11:26]} 21. Re2 {[%emt 0:02:35]} g4 {[%emt 0:04:
29]} 22. hxg4 {[%emt 0:00:03]} Qxg4 {[%emt 0:00:02]} 23. Ne1 {[%emt 0:02:07]}
Qh4 {[%emt 0:01:02]} 24. f3 {[%emt 0:06:50]} Ng3 {[%emt 0:00:59]} 25. Bxg3 {
[%emt 0:00:02]} Qxg3 {[%emt 0:00:02]} 26. e4 {[%emt 0:00:48]} dxe4 {[%emt 0:05:
02]} 27. fxe4 {[%emt 0:00:24]} Nf6 {[%emt 0:00:27]} 28. Rf3 {[%emt 0:02:20]}
Qg4 {[%emt 0:00:31]} 29. Rfe3 {[%emt 0:01:23]} Nh5 {[%emt 0:05:06]} 30. Nd3 {
[%emt 0:03:36]} Ng3 {[%emt 0:02:27]} 31. Re1 {[%emt 0:00:34]} Qh4 {[%emt 0:02:
58]} 32. Ne5 {[%emt 0:00:37]} Re6 {[%emt 0:00:15]} 33. Qd3 {[%emt 0:01:45]} Nh5
{[%emt 0:00:24]} 34. Nf3 {[%emt 0:00:19]} Qf4 {[%emt 0:00:44]} 35. e5 {[%emt 0:
00:36]} Rd8 {[%emt 0:04:27]} 36. Re4 {[%emt 0:00:27]} Qg3 {[%emt 0:00:16]} 37.
Qe3 {[%emt 0:00:48]} Rg6 {[%emt 0:02:17]} 38. Re2 {[%emt 0:00:01]} Rg4 {
[%emt 0:00:16]} 39. Qf2 {[%emt 0:00:55]} Rxe4 {[%emt 0:00:49]} 40. Rxe4 {
[%emt 0:00:10]} Qg6 {[%emt 0:00:07]} 41. Qh4 {[%emt 0:03:13]} f6 {[%emt 0:00:
33]} 42. exf6 {[%emt 0:10:10]} Nxf6 {[%emt 0:01:55]} 43. Re7 {[%emt 0:01:21]}
Rd7 {[%emt 0:12:09]} 44. Rxd7 {[%emt 0:03:10]} Nxd7 {[%emt 0:00:06]} 45. Qe7 {
[%emt 0:00:50]} Qf7 {[%emt 0:03:52]} 46. Qd6 {[%emt 0:00:51]} 1/2-1/2